Việt Nam di tích và thắng cảnh.

Bewaard in:
Bibliografische gegevens
Formaat: Sách giấy
Taal:Vietnamese
Gepubliceerd in: H. : Văn hoá-Thông tin, 2001.
Onderwerpen:
Tags: Voeg label toe
Geen labels, Wees de eerste die dit record labelt!
Thư viện lưu trữ: Thư viện Trường Đại học Đà Lạt
LEADER 00657nam a2200277 4500
001 DLU120136694
005 ##20120618
040 # # |a DLU  |b vie 
041 # # |a vie 
044 # # |a vn 
082 # # |a 915.97  |b Vie 
245 # # |a Việt Nam di tích và thắng cảnh. 
260 # # |a H. :  |b Văn hoá-Thông tin,  |c 2001. 
300 # # |a 189 tr. :  |b ảnh màu ;  |c 23x29 cm. 
651 # # |a Việt Nam  |x Mô tả và du lịch. 
923 # # |a 01/2012DP 
991 # # |a SH 
992 # # |a 280000 
994 # # |a KDP 
900 # # |a True 
911 # # |a Đào Thị Thu Huyền 
925 # # |a G 
926 # # |a A 
927 # # |a SH 
980 # # |a Thư viện Trường Đại học Đà Lạt